<?xml version="1.0" encoding="UTF-8"?>
<collection xmlns="http://www.loc.gov/MARC21/slim">
    <record>
        <controlfield tag="001">10792</controlfield>
        <controlfield tag="005">20150325140205.0</controlfield>
        <datafield tag="037" ind1=" " ind2=" ">
            <subfield code="a">TAZ-TFG-2013-256</subfield>
        </datafield>
        <datafield tag="041" ind1=" " ind2=" ">
            <subfield code="a">spa</subfield>
        </datafield>
        <datafield tag="100" ind1="1" ind2=" ">
            <subfield code="a">Lahoz Cirajas, Noelia</subfield>
        </datafield>
        <datafield tag="245" ind1="0" ind2="0">
            <subfield code="a">Intervención de enfermería en la enfermedad de Ondine</subfield>
        </datafield>
        <datafield tag="260" ind1=" " ind2=" ">
            <subfield code="a">Zaragoza</subfield>
            <subfield code="b">Universidad de Zaragoza</subfield>
            <subfield code="c">2013</subfield>
        </datafield>
        <datafield tag="506" ind1=" " ind2=" ">
            <subfield code="a">by-nc-sa</subfield>
            <subfield code="b">Creative Commons</subfield>
            <subfield code="c">3.0</subfield>
            <subfield code="u">http://creativecommons.org/licenses/by-nc-sa/3.0/</subfield>
        </datafield>
        <datafield tag="500" ind1=" " ind2=" ">
            <subfield code="a">Resumen disponible también en inglés</subfield>
        </datafield>
        <datafield tag="520" ind1=" " ind2=" ">
            <subfield code="a">Introducción:  la enfermedad de Ondine consiste en un síndrome de hipoventilación central congénita idiopática (SHCCI) secundario a un trastorno del sistema nervioso central (SNC), mediante el cual el control autonómico de la respiración no está presente o se encuentra deteriorado, en ausencia de una enfermedad primaria del tronco del encéfalo, neuromuscular, pulmonar, metabólica o cardíaca que lo justifique. El enfoque terapéutico debe ser multidisciplinar, aunque irá dirigido principalmente a mantener una adecuada ventilación. Material y método: para realizar el estudio, se ha aplicado un diseño de carácter descriptivo basado en la búsqueda de fuentes bibliográficas y con la aplicación de competencias del plan de estudios del título de grado en Enfermería.  En base a la revisión realizada se elaboró un plan de cuidados dirigido a las enfermeras y enfermeros que trabajen con este tipo de enfermedad. Objetivo: dar a conocer la enfermedad y hacer entender los medios más eficaces en el manejo de un paciente que padece la enfermedad de Ondine, en todos los aspectos que la rodean y proponer un plan de cuidados de enfermería para el paciente o familia con enfermedad de Ondine. Conclusiones: destacar la gran  importancia que tiene el hacer un diagnóstico y tratamiento precoz  ya que influirá directamente en el pronóstico de la misma a largo plazo y la supervivencia en estos pacientes. El enfoque terapéutico debe ser multidisciplinar e irá dirigido principalmente a mantener una adecuada ventilación. El grado de intensidad de la enfermedad es variable, en algunos casos más severos la hipoventilación se produce tanto durante el sueño como durante la vigilia. </subfield>
        </datafield>
        <datafield tag="521" ind1=" " ind2=" ">
            <subfield code="a">Graduado en Enfermería</subfield>
        </datafield>
        <datafield tag="540" ind1=" " ind2=" ">
            <subfield code="a">Derechos regulados por licencia Creative Commons</subfield>
        </datafield>
        <datafield tag="653" ind1="1" ind2=" ">
            <subfield code="a">síndrome de hipoventilación central congénita idiopática</subfield>
        </datafield>
        <datafield tag="653" ind1="1" ind2=" ">
            <subfield code="a">enfermedad de ondine</subfield>
        </datafield>
        <datafield tag="653" ind1="1" ind2=" ">
            <subfield code="a">maldición de ondina</subfield>
        </datafield>
        <datafield tag="700" ind1=" " ind2=" ">
            <subfield code="a">Pérez Sanz, José Raúl</subfield>
            <subfield code="e">dir.</subfield>
        </datafield>
        <datafield tag="710" ind1="2" ind2=" ">
            <subfield code="a">Universidad de Zaragoza</subfield>
            <subfield code="b">Fisiatría y Enfermería</subfield>
            <subfield code="c">Enfermería</subfield>
        </datafield>
        <datafield tag="856" ind1="0" ind2=" ">
            <subfield code="f">599910@celes.unizar.es</subfield>
        </datafield>
        <datafield tag="856" ind1="4" ind2=" ">
            <subfield code="s">214466</subfield>
            <subfield code="u">http://zaguan.unizar.es/record/10792/files/TAZ-TFG-2013-256_ANE.pdf</subfield>
            <subfield code="y">Anexos (spa)</subfield>
        </datafield>
        <datafield tag="856" ind1="4" ind2=" ">
            <subfield code="s">379920</subfield>
            <subfield code="u">http://zaguan.unizar.es/record/10792/files/TAZ-TFG-2013-256.pdf</subfield>
            <subfield code="y">Memoria (spa)</subfield>
        </datafield>
        <datafield tag="909" ind1="C" ind2="O">
            <subfield code="o">oai:zaguan.unizar.es:10792</subfield>
            <subfield code="p">driver</subfield>
            <subfield code="p">trabajos-fin-grado</subfield>
        </datafield>
        <datafield tag="950" ind1=" " ind2=" ">
            <subfield code="a"></subfield>
        </datafield>
        <datafield tag="980" ind1=" " ind2=" ">
            <subfield code="a">TAZ</subfield>
            <subfield code="b">TFG</subfield>
            <subfield code="c">EUCS</subfield>
        </datafield>
    </record>

    
</collection>